Friends Character's Last Names - Statistics

General Stats
  • This quiz has been taken 11 times
  • The average score is 10 of 15
Answer Stats
Hint Answer % Correct
Chandler Bing
100%
Monica Geller
100%
Ross Geller
100%
Ben Geller
100%
Rachel Green
100%
Phoebe Buffay
89%
Ursula Buffay
89%
Joey Tribbiani
89%
Mike Hannigan
56%
Emily Waltham
56%
Susan Bunch
44%
Carol Willick
44%
Janice Litman-Goralnik nee Hosenstein
33%
Charlie Wheeler
33%
Janine LaCroix
11%
No matching quizzes found
Score Distribution
Percent of People with Each Score
Percentile by Number Answered
Your Score History
You have not taken this quiz